000 00919cam a2200253 a 4500
001 12730373
005 20241113130143.0
008 020404s2003 maua 001 0 eng
020 _a061822307X
050 0 0 _aQA303.2
_b.L368 2003
082 0 0 _a515
_221
100 1 _aLarson, Ron,
_d1941-
245 1 0 _aCalculus :
_bearly transcendental functions /
_cRon Larson, Robert P. Hostetler, Bruce H. Edwards ; with the assistance of David E. Heyd.
250 _a3rd ed.
260 _aBoston :
_bHoughton Mifflin,
_cc2003.
300 _axxi, 1091, 182 p. :
_bill. (some col.) ;
_c28 cm.
500 _aIncludes indexes.
650 0 _aCalculus
_vTextbooks.
650 0 _aTranscendental functions
_vTextbooks.
700 1 _aHostetler, Robert P.
700 1 _aEdwards, Bruce H.,
_d1946-
856 4 2 _3Contributor biographical information
_uhttp://www.loc.gov/catdir/enhancements/fy1302/2001133291-b.html
942 _2lcc
_cBK
_n0
999 _c1114
_d1114